| 000 | 00505nam a2200205Ia 4500 | ||
|---|---|---|---|
| 003 | OSt | ||
| 005 | 20140318135627.0 | ||
| 008 | 140130s9999 xx 000 0 und d | ||
| 020 | _a9780590426602 | ||
| 050 |
_aS 417.C3 _b.M821 1971 |
||
| 100 | _aMoore, Eva | ||
| 245 |
_cEva Moore _aThe Story Of George Washington Carver / |
||
| 260 |
_bScholastic, _c1971. _aNew York : |
||
| 300 |
_a96 p. : _bill. ; _c21 cm. |
||
| 440 | _v1 | ||
| 521 | _aG5 | ||
| 526 | _c700 | ||
| 942 |
_cBK _2lcc |
||
| 999 |
_c41011 _d41011 |
||